Perspectives in Urban Ecology Ecosystems and Interactions between Humans and Nature in the Metropolis of Berlin /

This book gives an interdisciplinary overview on urban ecology. Basic understanding of urban nature development and its social reception are discussed for the European Metropolitan Area of Berlin. Furthermore, we investigate specific consequences for the environment,  nature and the quality of life...

Πλήρης περιγραφή

Λεπτομέρειες βιβλιογραφικής εγγραφής
Συγγραφή απο Οργανισμό/Αρχή: SpringerLink (Online service)
Άλλοι συγγραφείς: Endlicher, Wilfried (Επιμελητής έκδοσης)
Μορφή: Ηλεκτρονική πηγή Ηλ. βιβλίο
Γλώσσα:English
Έκδοση: Berlin, Heidelberg : Springer Berlin Heidelberg, 2011.
Θέματα:
Διαθέσιμο Online:Full Text via HEAL-Link
LEADER 02848nam a22005295i 4500
001 978-3-642-17731-6
003 DE-He213
005 20151126001159.0
007 cr nn 008mamaa
008 110618s2011 gw | s |||| 0|eng d
020 |a 9783642177316  |9 978-3-642-17731-6 
024 7 |a 10.1007/978-3-642-17731-6  |2 doi 
040 |d GrThAP 
050 4 |a GE300-350 
072 7 |a RNF  |2 bicssc 
072 7 |a TEC010000  |2 bisacsh 
082 0 4 |a 333.7  |2 23 
245 1 0 |a Perspectives in Urban Ecology  |h [electronic resource] :  |b Ecosystems and Interactions between Humans and Nature in the Metropolis of Berlin /  |c edited by Wilfried Endlicher. 
264 1 |a Berlin, Heidelberg :  |b Springer Berlin Heidelberg,  |c 2011. 
300 |a XIV, 352 p.  |b online resource. 
336 |a text  |b txt  |2 rdacontent 
337 |a computer  |b c  |2 rdamedia 
338 |a online resource  |b cr  |2 rdacarrier 
347 |a text file  |b PDF  |2 rda 
520 |a This book gives an interdisciplinary overview on urban ecology. Basic understanding of urban nature development and its social reception are discussed for the European Metropolitan Area of Berlin. Furthermore, we investigate specific consequences for the environment,  nature and the quality of life for city dwellers due to profound changes such as climate change and the demographic and economic developments associated with the phenomena of shrinking cities. Actual problems of urban ecology should be discussed not only in terms of natural dimensions such as  atmosphere, biosphere, pedosphere and hydrosphere but also in terms of social and cultural dimensions such as  urban planning, residence and recreation, traffic and mobility and economic values. Our research findings focus on streets, new urban landscapes, intermediate use of brown fields and the relationships between urban nature and the well-being of city dwellers. Finally, the book provides a contribution to the international discussion on urban ecology. 
650 0 |a Environment. 
650 0 |a Geobiology. 
650 0 |a Computer graphics. 
650 0 |a Regional planning. 
650 0 |a Urban planning. 
650 0 |a City planning. 
650 0 |a Science education. 
650 0 |a Environmental management. 
650 1 4 |a Environment. 
650 2 4 |a Environmental Management. 
650 2 4 |a Landscape/Regional and Urban Planning. 
650 2 4 |a Biogeosciences. 
650 2 4 |a Computer Imaging, Vision, Pattern Recognition and Graphics. 
650 2 4 |a Urbanism. 
650 2 4 |a Science Education. 
700 1 |a Endlicher, Wilfried.  |e editor. 
710 2 |a SpringerLink (Online service) 
773 0 |t Springer eBooks 
776 0 8 |i Printed edition:  |z 9783642177309 
856 4 0 |u http://dx.doi.org/10.1007/978-3-642-17731-6  |z Full Text via HEAL-Link 
912 |a ZDB-2-EES 
950 |a Earth and Environmental Science (Springer-11646)